00612nam a2200169 a 450000100100000000500170001000800410002702000180006804000250008610000340011124500870014526000300023230000280026250400300029095201050032099900170042500004067220201002034308.0130905s2011 sp 000 0 spa d a9788420653716 aDO-SdBNPbspacBNPHU1 aMora Teruel, Francisco96703710a¿Se puede retrasar el envejecimiento del cerebro? :b12 claves /cFrancisco Mora. aMadrid :bAlianza,c2011. a180 p. :bil. ;c20 cm. aBibliografia : p. 169-177 001050718MOaGRbGRcCTd2013-09-05iLF1l0o p40672-10r2020-06-25w2020-06-25y1ZNo se presta c40162d40162